01216nam a22003377a 4500001001300000003000900013005001700022007000300039008003400042040005400076041001000130072002000140090002200160100001800182110012600200245010100326260004200427300001000469500006900479650001200548650002200560650001200582650002200594650001800616650001100634650001500645909003600660942000700696999001700703952015800720BR2013006785BR-BrBNA20230928104239.0ta230509b bl.||||| |||| 00| 0 por d aBR-BrBNAbporcBiblioteca Nacional de Agricultura a(Por) aL73b6100b4150  6100 BR20130067851 aGomez, S.Y.M.1 aUniversidade Federal de Minas Gerais, Belo Horizonte (Brasil). Escola de Veterinária0Tese (Doutor em Ciência Animal)1 aAnemia infecciosa das galinhas em Minas gerais: diversidade genética e epidemiologia molecular3 aBelo Horizonte, MG (Brasil): c2012.  a96 p. aSummaries (Eng, Por); Several bibliography; 11 illus.; 21 tables aGALINHA aANEMIA INFECCIOSA aVÍRUS aGENÉTICA ANIMAL aEPIDEMIOLOGIA aVACINA aPROFILAXIA a202309bLuciac55dLucia Elande cBK c78891d78891 002AGRIS40708AGROBASEa41918b41918l0o 6100 BR2013006785p6100 BR2013006785r2023-09-25t01yBK10d2023-09-25ePortaria Interministerial nº 164/94